[Event "AUTO-OPEN-1543"]
[Site "http://www.queenalice.com/game.php?id=584484"]
[Date "2009.5.7"]
[Round "1"]
[White "DUDUZ"]
[Black "aureliano"]
[Result "0-1"]
[WhiteElo "1174"]
[BlackElo "1577"]

1. e4 e5 2. Nf3 c6 3. Bd3 Qc7 4. O-O h5 5. a4 Rh6 6. c4 d6 7. b4 Rg6 8. Ra2 Bh3
9. Nh4 Rg4 10. f3 Rxh4 11. Rf2 Qe7 12. gxh3 Rxh3 13. Rg2 Qf6 14. Bf1 Rxf3 15.
Be2 Rf4 16. d3 Rh4 17. a5 g6 18. Bg5 Qe6 19. Bxh4 f6 20. Rxg6 Nd7 21. Rxg8 Qxg8+
22. Kf1 O-O-O 23. Bxh5 Bh6 24. Bf2 Qg5 25. Bxa7 Rg8 26. Bf3 Qh4 27. Bf2 Qxh2 28.
Ke2 c5 29. b5 Nf8 30. a6 Ne6 31. a7 Nf4+ 32. Ke3 Nh3+ 33. Ke2 Qxf2# 0-1

[Event "AUTO-OPEN-1543"]
[Site "http://www.queenalice.com/game.php?id=584485"]
[Date "2009.5.7"]
[Round "1"]
[White "aureliano"]
[Black "DUDUZ"]
[Result "1-0"]
[WhiteElo "1436"]
[BlackElo "1180"]

1. e4 e5 2. Qf3 Be7 3. Bc4 Nf6 4. Nh3 c5 5. Ng5 O-O 6. d3 d6 7. g4 Bxg4 8. Qg3
Bc8 9. Qh4 h6 10. Nf3 g5 11. Qg3 g4 12. Bxh6 Re8 13. Ng5 Qa5+ 14. c3 Nh5 15. Qf3
gxf3 16. Bxf7+ Kh8 17. Bxe8 Bd7 18. Nf7+ Kh7 19. Bxd7 Nxd7 20. Rg1 Bf6 21. Be3
Qb5 22. Kd2 Qxb2+ 23. Kd1 Qxa1 24. Kc2 Qxa2+ 25. Kc1 a5 26. Nxd6 Ra6 27. Nc4 b5
28. Nca3 b4 29. Nc4 b3 30. h3 a4 31. Re1 a3 32. Bd2 b2+ 33. Kc2 Qa1 34. Ncxa3
Qa2 35. Nc4 Ng3 36. fxg3 f2 37. Rf1 Qa4+ 38. Kxb2 Ra8 39. Rxf2 Rb8+ 40. Kc1 Qa2
41. Nba3 Qa1+ 42. Kc2 Nb6 43. Bc1 Na4 44. Kd1 Nxc3+ 45. Kd2 Bg5+ 46. Ne3 Nxe4+
47. dxe4 Rb2+ 48. Nc2 Qa5+ 49. Ke2 Qb5+ 50. Kf3 Rb3 51. Kg2 Rb1 52. Ba3 c4 53.
h4 Bh6 54. Ng4 Bg7 55. Bd6 Kg6 56. Nxe5+ Bxe5 57. Bf8 Rd1 58. g4 Qe8 59. h5+ Kg5
60. Rf5+ Kh4 61. Ne3 Rd2+ 62. Kf3 1-0

[Event "AUTO-OPEN-1543"]
[Site "http://www.queenalice.com/game.php?id=584488"]
[Date "2009.5.7"]
[Round "1"]
[White "DUDUZ"]
[Black "saiesha"]
[Result "0-1"]
[WhiteElo "1172"]
[BlackElo "1902"]

1. c4 Nf6 2. Nf3 c5 3. e3 Nc6 4. Bd3 g6 5. O-O e5 6. Na3 a6 7. Nh4 Bg7 8. b3 e4
9. Be2 d5 10. Rb1 d4 11. d3 O-O 12. Nc2 Ne8 13. Ba3 Qxh4 14. h3 Qg5 15. exd4
Bxh3 16. Kh2 Qxg2# 0-1

[Event "AUTO-OPEN-1543"]
[Site "http://www.queenalice.com/game.php?id=584489"]
[Date "2009.5.7"]
[Round "1"]
[White "saiesha"]
[Black "DUDUZ"]
[Result "1-0"]
[WhiteElo "1975"]
[BlackElo "1184"]

1. d4 d5 2. c4 e6 3. cxd5 Bb4+ 4. Bd2 Be7 5. Nc3 exd5 6. e3 Be6 7. Nf3 Nf6 8.
Qb3 O-O 9. Qxb7 Nbd7 10. O-O-O Bf5 11. Qa6 Nh5 12. Bd3 Nb8 13. Qb7 Nd7 14. Bxf5
Ndf6 15. Qb3 c6 16. h3 g6 17. Bd3 a5 18. g4 Ng7 19. Ne5 a4 20. Nxa4 Rb8 21. Qc2
Nfe8 22. Nxc6 Qd6 23. Nxb8 Qxb8 24. f4 Nd6 25. Nc5 Nc8 26. Nd7 Qa8 27. Nxf8 Kxf8
28. b3 Ba3+ 29. Kb1 Ne6 30. f5 Nxd4 31. exd4 f6 32. Bh6+ Ke8 33. Rhe1+ Kd8 34.
Bf4 g5 35. Qc7# 1-0

[Event "AUTO-BEG-314"]
[Site "http://www.queenalice.com/game.php?id=585600"]
[Date "2009.5.9"]
[Round "1"]
[White "H_U_G_O"]
[Black "DUDUZ"]
[Result "1-0"]
[WhiteElo "1276"]
[BlackElo "1174"]

1. Nf3 e6 2. Ne5 Bd6 3. Nc4 Bc5 4. e3 Nf6 5. Ne5 O-O 6. h4 d6 7. Nf3 a5 8. Ng5
h6 9. Nf3 e5 10. h5 Bg4 11. c3 Nxh5 12. Qe2 c6 13. g3 e4 14. Nd4 Bxe2 15. Bxe2
Nf6 16. Nf5 g6 17. Nxh6+ Kg7 18. g4 g5 19. d4 Ba7 20. Nf5+ Kg6 21. Ng3 Nxg4 22.
Bxg4 c5 23. Bh5+ Kf6 24. Nxe4+ Kf5 25. f3 Ke6 26. Rg1 d5 27. Nxg5+ 1-0

[Event "AUTO-BEG-314"]
[Site "http://www.queenalice.com/game.php?id=585601"]
[Date "2009.5.9"]
[Round "1"]
[White "DUDUZ"]
[Black "H_U_G_O"]
[Result "0-1"]
[WhiteElo "1162"]
[BlackElo "1288"]

1. e4 e5 2. Nf3 d6 3. Bb5+ c6 4. O-O cxb5 5. Na3 Qb6 6. d4 b4 7. Nc4 Qa6 8. Qe2
Bg4 9. h3 Bxf3 10. gxf3 Nc6 11. d5 Na5 12. b3 Nxc4 13. Qd1 Be7 14. a4 Nb6 15. a5
Rc8 16. Bb2 h5 17. Re1 Nf6 18. axb6 Qxb6 19. c4 g5 20. Kh1 Qxf2 21. Re2 Qxf3+
22. Kg1 Qg3+ 23. Kf1 Qxh3+ 24. Kg1 g4 25. Rxa7 Rb8 26. Rh2 Qe3+ 27. Kf1 Qf4+ 28.
Kg1 g3 0-1

[Event "Challenge"]
[Site "http://www.queenalice.com/game.php?id=586988"]
[Date "2009.5.12"]
[Round "-"]
[White "Slazenger"]
[Black "DUDUZ"]
[Result "1-0"]
[WhiteElo "1553"]
[BlackElo "1151"]

1. e4 e5 2. Nf3 Bd6 3. Nc3 Nf6 4. d3 O-O 5. Bg5 Bc5 6. d4 exd4 7. Nxd4 h6 8. Be3
a5 9. Nf5 Bb4 10. Bd2 c6 11. Qf3 b5 12. Qg3 Nh5 13. Qg4 g6 14. Nxh6+ Kh8 15. f4
f6 16. Qxg6 Qe7 17. Qxh5 f5 18. Nxf5+ Qh7 19. Qxh7+ Kxh7 20. O-O-O Ra7 21. g4
Kg8 22. Nh6+ Kh8 23. f5 d6 24. Bf4 Nd7 25. g5 Kh7 26. Bxd6 Bxd6 27. Rxd6 b4 28.
Ne2 Nc5 29. Ng3 Rg7 30. Rg6 Kh8 31. Rxg7 Kxg7 32. f6+ Kg6 33. e5 Rd8 34. h4 1-0

[Event "Challenge"]
[Site "http://www.queenalice.com/game.php?id=590490"]
[Date "2009.5.18"]
[Round "-"]
[White "DUDUZ"]
[Black "Kuroi"]
[Result "0-1"]
[WhiteElo "1182"]
[BlackElo "1719"]

1. e4 e5 2. Bd3 Bc5 3. Nf3 Nc6 4. O-O Nf6 5. b3 Nd4 6. Nxe5 Nxb3 7. cxb3 d6 8.
Bb5+ c6 9. Bd3 dxe5 10. Qe2 Bd4 11. Nc3 Bg4 12. Qe1 h5 13. Rb1 h4 14. Kh1 h3 15.
f3 hxg2+ 16. Kxg2 Bh3+ 17. Kg3 Nd7 18. Rg1 Qg5# 0-1

[Event "Challenge"]
[Site "http://www.queenalice.com/game.php?id=591650"]
[Date "2009.5.21"]
[Round "-"]
[White "nandobr"]
[Black "DUDUZ"]
[Result "1-0"]
[WhiteElo "1403"]
[BlackElo "1147"]

1. e4 e5 2. Qf3 d6 3. Bc4 Ne7 4. Qxf7+ Kd7 5. Nf3 c6 6. Qe6+ Kc7 7. Ng5 Bxe6 8.
Bxe6 Na6 9. Nf7 Qe8 10. Nxh8 g5 11. O-O Bg7 12. Nf7 c5 13. Nc3 c4 14. Nxg5 Qg6
15. d3 h6 16. Nb5+ Kb6 17. dxc4 hxg5 18. Be3+ Ka5 19. Bd2+ Kb6 20. Be3+ Kc6 21.
Bd5+ 1-0

[Event "flohr"]
[Site "http://www.queenalice.com/game.php?id=592627"]
[Date "2009.5.23"]
[Round "-"]
[White "lights"]
[Black "DUDUZ"]
[Result "1-0"]
[WhiteElo "1966"]
[BlackElo "1170"]

1. d4 d5 2. Nf3 Nf6 3. Nbd2 e6 4. e3 a5 5. Bd3 Bd6 6. e4 c6 7. e5 Be7 8. exf6
Bxf6 9. O-O O-O 10. Ne5 Bh4 11. Ndf3 Be7 12. c3 f6 13. Ng4 e5 14. Ngxe5 fxe5 15.
Nxe5 b5 16. Qh5 h6 17. Bxh6 Bf6 18. Bxg7 Bxg7 19. Qh7# 1-0

[Event "Challenge"]
[Site "http://www.queenalice.com/game.php?id=594303"]
[Date "2009.5.27"]
[Round "-"]
[White "Kuroi"]
[Black "DUDUZ"]
[Result "1-0"]
[WhiteElo "1777"]
[BlackElo "1149"]

1. e4 Nf6 2. e5 Nd5 3. Bc4 e6 4. Nf3 Bc5 5. O-O O-O 6. d3 Nb6 7. Bg5 Qe8 8. Nc3
h6 9. Bh4 d5 10. exd6 cxd6 11. Nb5 Qd8 12. Bxd8 Rxd8 13. Nc7 d5 14. Nxa8 Nxa8
15. Bb3 Nb6 16. Ne5 f6 17. Ng6 e5 18. Qh5 Nc6 19. Nh4 a5 20. Nf5 Bf8 21. c4 a4
22. c5 axb3 23. cxb6 bxa2 24. Rxa2 Bd7 25. Rb1 Be8 26. Qd1 g6 27. Ng3 Bc5 28.
Qb3 Nd4 29. Qd1 Bxb6 30. Qc1 Kg7 31. Qd2 Nb5 32. Qb4 h5 33. Qe7+ Bf7 34. Qxb7
Rd6 35. Ra6 h4 36. Ne2 1-0

[Event "Challenge"]
[Site "http://www.queenalice.com/game.php?id=594305"]
[Date "2009.5.27"]
[Round "-"]
[White "DUDUZ"]
[Black "Kuroi"]
[Result "0-1"]
[WhiteElo "1168"]
[BlackElo "1712"]

1. Nf3 d5 2. e3 Nf6 3. Bd3 e6 4. O-O c6 5. a4 Bd6 6. b3 Bc7 7. c4 Qd6 8. g3 e5
9. Ba3 c5 10. Nc3 d4 11. Nb5 Qd7 12. Bxc5 b6 13. Bb4 a6 14. Na3 a5 15. Bxa5 bxa5
16. e4 h6 17. Nh4 Qh3 18. Re1 Ng4 19. f3 Qxh2+ 20. Kf1 Qf2# 0-1

[Event "capablanca"]
[Site "http://www.queenalice.com/game.php?id=594816"]
[Date "2009.5.28"]
[Round "-"]
[White "lights"]
[Black "DUDUZ"]
[Result "1-0"]
[WhiteElo "1978"]
[BlackElo "1182"]

1. d4 e6 2. e4 Bb4+ 3. c3 Be7 4. Nf3 Nf6 5. Bd3 O-O 6. O-O a6 7. Re1 b5 8. Be3
c6 9. Nbd2 d5 10. e5 Nh5 11. Qc2 Qb6 12. Bxh7+ Kh8 13. Ng5 f5 14. Bg6 Qd8 15.
Bxh5 Bxg5 16. Nf3 Bh6 17. Bxh6 gxh6 18. Qd2 Ra7 19. h3 Rg7 20. Kh2 Rfg8 21. Rg1
Qf8 22. Nh4 f4 23. Qd3 Bd7 24. Ng6+ Rxg6 25. Bxg6 Be8 26. Bxe8 Qxe8 27. Qf3 Rf8
28. g4 Qg6 29. h4 Nd7 30. g5 h5 31. b3 Nb6 32. Rac1 Kg7 33. Rgd1 Rf7 34. Rd2 Kf8
35. Qd3 Qg7 36. Qh3 Ke7 37. Rd3 Kd8 38. Qxe6 Rf8 39. Qxc6 Qa7 40. Re1 f3 41.
Ree3 Rf4 42. Kh3 Nd7 43. Rxf3 Re4 44. Qxd5 Rg4 45. Rf7 1-0